000 01055cam a22003017a 4500
003 CHAP
005 20220817042204.0
008 971013s1971 r 00010 d
010 _a37144
011 _a38116
035 _a42236
040 _cCHAP
082 _a630.717
_bF35
110 _aFAO
245 1 3 _aLa extensión rural en América Latina y el Caribe
_b: informe de la Conferencia Técnica de Extensión Agrícola y Juventud Rural. Chiclayo, Perú, 1970
260 _aRoma :
_bFAO,
_c1971
300 _a225 p.
_b: ilus.
590 _aBATCH-UPD
_b10
_c20130110
_lUCH01
_h2234
590 _aBATCH-UPD
_b10
_c20130410
_lUCH01
_h1529
590 _aBATCH-UPD
_b10
_c20130914
_lUCH01
_h1338
590 _aCONVERSION
_b10
_c20130109
_lUCH01
_h1321
650 1 4 _aExtensión agrícola
_zAmérica Latina.
_939194
901 _aBK
942 _cLIBRO
949 _a630.717 F35
_bBC
_cFAO
_d-97280
_eFAO1
_h16368
_i42236
_si
949 _a630.717 F35
_bBC
_cFAO
_d-97281
_eFAO2
_fc.2
_h8879
_i42236
_si
949 _a630.717 F35
_bBC
_cFAO
_d-97282
_eFAO2
_fc.3
_h18401
_i42236
_si
999 _c37144
_d37144